000 00690nam a2200289Ia 4500
005 20260324125007.0
008 008 260324s9999 xx 000 0 eng d
020 _a9780203885499
037 _aEBOOK
040 _aCRL
040 _beng
040 _cCRL
041 _2eng
041 _aeng
084 _qCRL
100 _aRichard Tinning; Richard Bailey
_91176286
245 0 _aPedagogy and Human Movement
245 0 _bTheory, Practice, Research
260 _bTaylor and Francis
260 _c2009
365 _a
365 _b240
856 _uhttp://www.taylorfrancis.com/books/9780203885499
942 _cEBOOK
999 _c1771164
_d1771164